000
00299nam a2200133Ia 4500
005
20251222142008.0
008
251222s9999||||xx |||||||||||||| ||spa||
020
_a
84-254-2059-8
082
_a
371.3/W56
100
_a
Wild, Rebeca
245
0
_a
Educar para Ser:
264
_b
Herder
942
_c
LIB
999
_c
10250
_d
10250